| 000 | 02202nam a2200325Ia 4500 | ||
|---|---|---|---|
| 999 |
_c54796 _d54796 |
||
| 001 | 21865 | ||
| 003 | GE_BSU | ||
| 005 | 20220617160748.0 | ||
| 008 | 181216s ||||ge |||||||||||||| ||geo|| | ||
| 020 | _a978184712317(ინგლ. გამოცემის) | ||
| 040 | _cGE_BSU | ||
| 041 | _ageo | ||
| 080 | _a657.6(076.1)+338 ბ-95 | ||
| 245 |
_aბუღალტერი ბიზნესში წიგნი F1 : საგამოცდო სავარჯიშოების კრებული : _bპროფესიული გამოცდები / _cწიგნის თარგმანზე და გამოცემაზე მუშაობდნენ : პროექტის ხელმძღვანელი ლ. ჭუმბურიძე ; პროექტ. კოორდ. კ. დათიაშვილი ; მთარგმნ. ნ. კვარაცხელია ; რედ. მ. გველესიანი. |
||
| 264 |
_aთბილისი : _bდანი, _c2011. |
||
| 300 |
_a136 გვ. ; _c30 სმ. |
||
| 490 | _aACCA ინგლისისა და უელსის ნაფიც სერტიფიცირებულ ბუღალტერთა ასოციაცია | ||
| 541 | _h29 ლ. 50თ. | ||
| 546 | _aპარალელური სათაური ინგლიური ენაზე | ||
| 653 | _aბუღალტერი ბიზნესში | ||
| 653 | _aწიგნი F1 | ||
| 653 | _aსაგამოცდო სავარჯიშოების კრებული | ||
| 653 | _aეკონომიკა | ||
| 653 | _aპროფესიული გამოცდები | ||
| 700 |
_aჭუმბურიძე, ლ. _eპროექტის ხელმძღვანელი _914123 |
||
| 700 |
_aდათიაშვილი, კ. _eპროექტის კოორდინატორი _914124 |
||
| 700 |
_aკვარაცხელია, ნ. _eმთარგმნელი _914150 |
||
| 700 |
_aგველესიანი, მ. _eრედაქტორი _914108 |
||
| 942 |
_cBK _2udc |
||